| 000 | 00859cab a2200289 4500 | ||
|---|---|---|---|
| 001 | ABS53899 | ||
| 008 | 090401t1995 xxu||||| |||| 00| 0 eng d | ||
| 035 | _a(Sirsi) u7256 | ||
| 041 | _aeng | ||
| 100 | _aWood, J. | ||
| 245 | _aSecurity - the ultimate deterrent | ||
| 260 | _c1995 | ||
| 350 | _a0 | ||
| 490 |
_aEstates Gazette _v(9545) 11 November 1995, 124-125(2) |
||
| 520 | _aLooks at shopping centre security and access issues, with particular reference to "CIN Properties Ltd v Rawlins". | ||
| 650 | _aCIN PROPERTIES LTD V RAWLINS | ||
| 650 | _aHIGHWAYS ACT 1980 | ||
| 650 | _aRIGHTS OF WAY | ||
| 650 | _aSAFETY | ||
| 650 | _aSECURITY | ||
| 650 | _aSHOPPING CENTRES | ||
| 690 | _aBUILDING AND CONSTRUCTION-SECURITY | ||
| 690 | _aHIGHWAYS RIGHTS OF WAY AND EASEMENTS | ||
| 700 | _aCheffings, N. | ||
| 942 | _n0 | ||
| 948 | _c04/03/1997 | ||
| 999 |
_c4361 _d4361 |
||